000 00986nam0a22002291 4500
001 rc\1122241
005 20250622184629.0
035 _a(NLR Aleph) 006365089
090 _a4942192
_c4942192
100 _a20041126d1981 |||y0rusy50 ca
101 0 _arus
102 _aRU
105 _aa |||||||||
200 1 _aКомплексная целевая программа подготовки мужской сборной команды СССР по волейболу к XXIII Олимпийским играм 1984 г.
_fКом. по физ. культуре и спорту при Совете Министров СССР. Упр. спорт. игр., Латв. ИФК
_g[Амалин М.Е., засл. тренер СССР, к. п. н., доц. и др.]
210 _aМ.
_cБ. и.
_d1981
215 _a[1], 91 с.
_cил.
_d30
333 _aДСП. Экз. № 38
801 0 _aRU
_bNLR
_gpsbo
801 1 _aRU
_bELAR
_2rusmarc
852 _aNLR
_j81-50К/3483
942 _cBOOK
980 _aNB